000 00857nam a22002297a 4500
999 _c17411
_d17411
003 AR-CdUCM
008 190508b ||||| |||| 00| 0 spa d
040 _aMUNICIPALIDAD PROVINCIAL DEL CUSCO
_cBIBLIOTECA MUNICIPAL DEL CUSCO
082 _25ed.
_a938 /
_bP47
100 _aPetrie , A.
_937412
245 _aIntroducción al estudio de Grecia :
_bHistoria, antigüedad y literatura /
260 _aMéxico :
_bFondo de cultura económica,
_c1966.
300 _a180 páginas ;
_c18 cm.
440 _aintroducción al estudio de Grecia
_n121
_937413
505 _aContenido : Breve historia de Grecia -- La constitución Ateniense -- El procedimiento judicial ateniense ...
650 _aConstitución
_92117
650 _aGrecia
_92521
650 _aHistoria
_9136
700 _aReyes, Alfonso
_92307
942 _2ddc
_cLIBROS
945 _arah
_d08/05/2019